Good to Great Why Some Companies Make the Leap-- and Others Don't (Record no. 10488)

MARC details
000 -LEADER
fixed length control field 00424nam a22001577a 4500
003 - CONTROL NUMBER IDENTIFIER
control field OSt
008 - FIXED-LENGTH DATA ELEMENTS--GENERAL INFORMATION
fixed length control field 210223b ||||| |||| 00| 0 eng d
020 ## - INTERNATIONAL STANDARD BOOK NUMBER
International Standard Book Number 9780712676090
082 ## - DEWEY DECIMAL CLASSIFICATION NUMBER
Classification number 658 COG
100 ## - MAIN ENTRY--PERSONAL NAME
Personal name COLLINS, Jim
245 ## - TITLE STATEMENT
Title Good to Great Why Some Companies Make the Leap-- and Others Don't
260 ## - PUBLICATION, DISTRIBUTION, ETC. (IMPRINT)
Place of publication, distribution, etc New Delhi
Name of publisher, distributor, etc Random House Business Books
Date of publication, distribution, etc 2001
300 ## - PHYSICAL DESCRIPTION
Extent 300
650 ## - SUBJECT ADDED ENTRY--TOPICAL TERM
Topical term or geographic name as entry element General Books
942 ## - ADDED ENTRY ELEMENTS (KOHA)
Source of classification or shelving scheme Dewey Decimal Classification
Koha item type Text Books
Holdings
Withdrawn status Lost status Source of classification or shelving scheme Damaged status Not for loan Collection code Home library Current library Date acquired Source of acquisition Currency Cost, normal purchase price Bill Number Total Checkouts Full call number Acc. no. / Barcode Date last seen Date last borrowed Actual Cost, discounted price Bill Date Koha item type Checked out Public note
    Dewey Decimal Classification     GENERAL PIET C-LIBRARY PIET C-LIBRARY 08/02/2021 Kirti Prakashan Indian Rup 1099.00 IN1508 6 658 COG 32451 07/04/2025 25/03/2025 769.30 06/02/2021 Text Books    
    Dewey Decimal Classification     GENERAL PIET C-LIBRARY PIET C-LIBRARY 08/02/2021 Kirti Prakashan Indian Rup 1099.00 IN1508 1 658 COG 32452 21/01/2022 21/01/2022 769.30 06/02/2021 Text Books 20/07/2022 .
    Dewey Decimal Classification     Book Club and Indian Knowledge System PIET C-LIBRARY PIET C-LIBRARY 30/10/2025 Zaffa Books INR 1499.00 ZBD0297   658 COG CL50 04/11/2025   1124.25 30/10/2025 Reference Books    

Design & Developed by: PIET Central Library
R70 Miles Stone Pattikalyana Samalkha Panipat 132102
mail ID :- [email protected], Phone No:- 0180-2569700 Ex.216